| 000 | 00411nam a2200133Ia 4500 | ||
|---|---|---|---|
| 008 | 231129s2016||||xx |||||||||||||| ||spa|| | ||
| 020 | _a978-958-59401-7-7 | ||
| 082 | _a743.6 V293d | ||
| 100 | _aVarela Simó Juan | ||
| 245 | 0 | _aDibujo de aves: para aprender a dibujar bocetos e ilustrar las aves | |
| 260 | _c2016 | ||
| 264 | _aBogotá: Círculo Cultural | ||
| 942 |
_2ddc _cBKS |
||
| 999 |
_c9263 _d9263 |
||